NFL and NBA Players by Picture(Easy) - Statistics

General Stats
  • This quiz has been taken 681 times
  • The average score is 10 of 15
Answer Stats
Picture Answer % Correct
Jimmy Butler
93%
Cam Newton
89%
Karl Anthony-Towns
85%
Deshaun Watson
84%
Damian Lillard
82%
Aaron Donald
81%
Von Miller
77%
Alvin Kamara
73%
Calais Campbell
59%
Jusuf Nurkic
57%
Enes Kanter
55%
Goran Dragic
41%
Devonte Graham
40%
Kyle Rudolph
35%
Sony Michel
16%
No matching quizzes found
Score Distribution
Percent of People with Each Score
Percentile by Number Answered
Your Score History
You have not taken this quiz